Online
Catalog

Defensa leída ante la suprema corte de justicia de la República en representación del Lcdo D. M. J. Alfau / (Record no. 13120)

MARC details
000 -CABECERA
campo de control de longitud fija 00688nam a2200205 a 4500
001 - NÚMERO DE CONTROL
campo de control 000013496
003 - IDENTIFICADOR DEL NÚMERO DE CONTROL
campo de control DO-SdBNP
005 - FECHA Y HORA DE LA ÚLTIMA TRANSACCIÓN
campo de control 20210412095757.0
008 - DATOS DE LONGITUD FIJA--INFORMACIÓN GENERAL
campo de control de longitud fija 091125s1905 dr r 000 0 spa d
040 ## - FUENTE DE LA CATALOGACIÓN
Centro catalogador/agencia de origen DO-SdBNP
Lengua de catalogación spa
Centro/agencia transcriptor BNPHU
082 ## - NÚMERO DE LA CLASIFICACIÓN DECIMAL DEWEY
Número de clasificación 347.072
Número de documento/Ítem M149d
100 1# - ENTRADA PRINCIPAL--NOMBRE DE PERSONA
Nombre de persona Machado, Manuel A.
9 (RLIN) 30827
245 10 - MENCIÓN DE TÍTULO
Título Defensa leída ante la suprema corte de justicia de la República en representación del Lcdo D. M. J. Alfau /
Mención de responsabilidad, etc. por el Lcdo. Manuel A. Machado, Llitis Vicini-Alfau.
260 ## - PUBLICACIÓN, DISTRIBUCIÓN, ETC.
Lugar de publicación, distribución, etc. Santo Domingo :
Nombre del editor, distribuidor, etc. Cuna de América,
Fecha de publicación, distribución, etc. 1905.
300 ## - DESCRIPCIÓN FÍSICA
Extensión 67 p. ;
Dimensiones 25 cm.
590 ## - NOTA LOCAL (RLIN)
Nota local Inventariado, 2018/LP
700 1# - PUNTO DE ACCESO ADICIONAL--NOMBRE DE PERSONA
Nombre de persona Vicini-Alfau, Litis
9 (RLIN) 30828
910 ## - DATOS DE OPCIÓN DEL USUARIO (OCLC)
Datos de opción del usuario D/G
942 ## - ELEMENTOS DE PUNTO DE ACCESO ADICIONAL (KOHA)
Fuente del sistema de clasificación o colocación Dewey Decimal Classification
Tipo de ítem Koha Libro
Holdings
Estado de retiro Estado de pérdida Restricciones de uso No para préstamo Código de colección Localización permanente Ubicación/localización actual Ubicación en estantería Fecha de adquisición Número de inventario Total de préstamos Signatura topográfica completa Código de barras Fecha visto por última vez Precio válido a partir de Tipo de ítem Koha Número de copia
      Excluido de préstamo Raros y valiosos Patrimonio Dominicano Patrimonio Dominicano En catalogación 25.11.2009 LF1   xxxx V635d 13496-10 25.06.2020 25.06.2020 No se presta  
  Extraviado   Excluido de préstamo Raros y valiosos Patrimonio Dominicano Patrimonio Dominicano Extraviado 30.05.2011 LF1   xxxx V635d 13496-20 25.06.2020 25.06.2020 No se presta e. 2

Powered by Koha